000 00600nam a2200229Ia 4500
003 OSt
005 20221007071741.0
006 a|||||r|||| 00| 0
007 ta
008 221006b |||||||| |||| 00| 0 eng d
024 _a16,734
037 _cTextual
040 _aFLL
_cFLL
_beng
041 _2eng
_aeng
082 _aY1:45:Z3, K8
100 _aMcClintock F.H.
_9135171
245 0 _aCrime in England and wales
260 _aLondon
_bHeinemann England
_c1968
300 _a317p
_ccm.
942 _hY1:45:Z3, K8
_cTEXL
_2CC
999 _c1144154
_d1144154